stem cell transplantation / (Record no. 233305)
[ view plain ]
| 000 -LEADER | |
|---|---|
| fixed length control field | 05325cam a22005777i 4500 |
| 001 - CONTROL NUMBER | |
| control field | 17945263 |
| 003 - CONTROL NUMBER IDENTIFIER | |
| control field | Nust |
| 005 - DATE AND TIME OF LATEST TRANSACTION | |
| control field | 20170331125031.0 |
| 008 - FIXED-LENGTH DATA ELEMENTS--GENERAL INFORMATION | |
| fixed length control field | 131118t20142014nyua b 001 0 eng |
| 010 ## - LIBRARY OF CONGRESS CONTROL NUMBER | |
| LC control number | 2013955604 |
| 015 ## - NATIONAL BIBLIOGRAPHY NUMBER | |
| National bibliography number | GBB395485 |
| Source | bnb |
| 016 7# - NATIONAL BIBLIOGRAPHIC AGENCY CONTROL NUMBER | |
| Record control number | 101629788 |
| Source | DNLM |
| 020 ## - INTERNATIONAL STANDARD BOOK NUMBER | |
| Canceled/invalid ISBN | 3-527-31018-5 |
| 035 ## - SYSTEM CONTROL NUMBER | |
| System control number | (OCoLC)ocn861359530 |
| 040 ## - CATALOGING SOURCE | |
| Transcribing agency | ASAB |
| 042 ## - AUTHENTICATION CODE | |
| Authentication code | nlmcopyc |
| -- | lccopycat |
| 050 00 - LIBRARY OF CONGRESS CALL NUMBER | |
| Classification number | RD123.5 |
| Item number | .B66 2014 |
| 060 00 - NATIONAL LIBRARY OF MEDICINE CALL NUMBER | |
| Classification number | W1 |
| Item number | ME9616J v.1109 2014 |
| 060 10 - NATIONAL LIBRARY OF MEDICINE CALL NUMBER | |
| Classification number | WH 380 |
| 082 04 - DEWEY DECIMAL CLASSIFICATION NUMBER | |
| Classification number | 617.4410592 |
| Edition number | 23 |
| 245 00 - TITLE STATEMENT | |
| Title | stem cell transplantation / |
| Statement of responsibility, etc. | edited by A.D. Ho, R. Hoffman and E.D. Zanjani |
| Remainder of title | biology, processes, therapy |
| 264 #4 - PRODUCTION, PUBLICATION, DISTRIBUTION, MANUFACTURE, AND COPYRIGHT NOTICE | |
| Date of production, publication, distribution, manufacture, or copyright notice | ©2014 |
| 300 ## - PHYSICAL DESCRIPTION | |
| Extent | x, 268 pages : |
| Other physical details | illustrations |
| Dimensions | 27 cm. |
| 336 ## - CONTENT TYPE | |
| Content type term | text |
| Content type code | txt |
| Source | rdacontent |
| 337 ## - MEDIA TYPE | |
| Media type term | unmediated |
| Media type code | n |
| Source | rdamedia |
| 338 ## - CARRIER TYPE | |
| Carrier type term | volume |
| Carrier type code | nc |
| Source | rdacarrier |
| 490 1# - SERIES STATEMENT | |
| Series statement | Methods in molecular biology, |
| International Standard Serial Number | 1064-3745 ; |
| Volume/sequential designation | v. 1109 |
| 490 1# - SERIES STATEMENT | |
| Series statement | Springer protocols, |
| International Standard Serial Number | 1949-2448 |
| 906 ## - LOCAL DATA ELEMENT F, LDF (RLIN) | |
| a | 7 |
| b | cbc |
| c | copycat |
| d | 2 |
| e | epcn |
| f | 20 |
| g | y-gencatlg |
| 942 ## - ADDED ENTRY ELEMENTS (KOHA) | |
| Source of classification or shelving scheme | |
| Koha item type | Book |
| Withdrawn status | Lost status | Source of classification or shelving scheme | Damaged status | Not for loan | Collection code | Permanent Location | Current Location | Date acquired | Total Checkouts | Full call number | Barcode | Date last seen | Price effective from | Koha item type |
|---|---|---|---|---|---|---|---|---|---|---|---|---|---|---|
| Atta-ur-Rahman School of Applied Biosciences (ASAB) | Atta-ur-Rahman School of Applied Biosciences (ASAB) | 03/06/2017 | 617.44 DHO | ASAB3156 | 03/31/2017 | 03/06/2017 | Book |
